European Journal of Industrial Relations
Uložené v:
| Médium: | Seriál |
|---|---|
| Jazyk: | English |
| Vydavateľské údaje: |
Thousand Oaks
SAGE Publ.
2015
|
| Predmet: | |
| Tagy: |
Žiadne tagy, Buďte prvý, kto otaguje tento záznam!
|
MARC
| LEADER | 00000nas2a2200000 4500 | ||
|---|---|---|---|
| 001 | 0261925 | ||
| 005 | 20200130083155.5 | ||
| 022 | |a 0959-6801 | ||
| 041 | 0 | |a eng | |
| 044 | |a US | ||
| 245 | 1 | 0 | |a European Journal of Industrial Relations |
| 264 | 1 | |a Thousand Oaks |b SAGE Publ. |c 2015 | |
| 500 | |a Chýba č. 2-4 | ||
| 773 | 0 | |w eu_un_cat*0143304 | |
| 610 | 2 | 0 | |a priemysel |
| 610 | 2 | 0 | |a Európa |
| 610 | 2 | 0 | |a vzťahy hospodárske medzinárodné |